00393nam a2200109Ia 4500008004100000082000800041100001800049245009800067942000600165952009700171999001500268240331s9999 xx 000 0 und d bEVE aEverett, Jane 4aThe Global Empowerment of women :bSummary report of the 4th International Conference by AWID cL 001040708LaWERCLbWERCLcSSCd2024-03-31l0o 305.4 EVEp3259r2024-03-31w2024-03-31yL c1643d1643